| 000 | 00330cam a22001217a 4500 | ||
|---|---|---|---|
| 008 | 180718bn.d. xxu||||| |||| 00| 0 eng d | ||
| 082 | _aA99 B223a | ||
| 100 | _aBanerji, Surendranath | ||
| 245 |
_aSpeeches _cby Surendranath Banerji |
||
| 260 |
_aMadras _bNatesan _cn.d. |
||
| 300 | _a430p. | ||
| 650 | _aConstitutional History - India | ||
| 999 |
_c358944 _d358944 |
||